東京メトロの駅(五十音順) - Statistics

General Stats
  • This quiz has been taken 62 times
  • The average score is 109 of 144
Answer Stats
頭文字 路線 駅名 % Correct
銀座線/半蔵門線 青山一丁目
92%
銀座線 浅草
92%
丸ノ内線/東西線/千代田線/半蔵門線 大手町
92%
千代田線 赤坂
89%
東西線/有楽町線/南北線 飯田橋
89%
東西線 中野
89%
有楽町線 有楽町
89%
銀座線/丸ノ内線 赤坂見附
87%
銀座線/日比谷線 上野
87%
丸ノ内線/日比谷線/千代田線 霞ヶ関
87%
東西線/半蔵門線 九段下
87%
丸ノ内線 新宿
87%
銀座線/東西線 日本橋
87%
半蔵門線 半蔵門
87%
南北線 目黒
87%
南北線 赤羽岩淵
84%
千代田線 綾瀬
84%
有楽町線/南北線 市ヶ谷
84%
丸ノ内線 荻窪
84%
銀座線/丸ノ内線/日比谷線 銀座
84%
丸ノ内線/千代田線 国会議事堂前
84%
丸ノ内線/副都心線 新宿三丁目
84%
東西線 高田馬場
84%
丸ノ内線 中野坂上
84%
日比谷線/千代田線 日比谷
84%
千代田線/副都心線 明治神宮前
84%
千代田線 代々木上原
84%
日比谷線 恵比寿
82%
半蔵門線 押上
82%
銀座線 神田
82%
日比谷線/千代田線 北千住
82%
丸ノ内線/南北線 後楽園
82%
南北線 駒込
82%
有楽町線/副都心線 地下鉄赤塚
82%
有楽町線/副都心線 地下鉄成増
82%
丸ノ内線 東京
82%
東西線 西葛西
82%
丸ノ内線 西新宿
82%
東西線 西船橋
82%
千代田線 乃木坂
82%
丸ノ内線 方南町
82%
丸ノ内線 茗荷谷
82%
丸ノ内線/南北線 四ツ谷
82%
千代田線 代々木公園
82%
有楽町線/副都心線 和光市
82%
日比谷線 秋葉原
79%
丸ノ内線/有楽町線/副都心線 池袋
79%
銀座線 上野広小路
79%
東西線 浦安
79%
丸ノ内線 御茶ノ水
79%
銀座線/千代田線/半蔵門線 表参道
79%
東西線 葛西
79%
半蔵門線 錦糸町
79%
銀座線/半蔵門線/副都心線 渋谷
79%
南北線 白金高輪
79%
千代田線 新御茶ノ水
79%
有楽町線 新木場
79%
銀座線 新橋
79%
銀座線/南北線 溜池山王
79%
銀座線 田原町
79%
銀座線 虎ノ門
79%
千代田線 根津
79%
副都心線 東新宿
79%
有楽町線/副都心線 平和台
79%
日比谷線 南千住
79%
千代田線 湯島
79%
日比谷線 六本木
79%
南北線 麻布十番
76%
有楽町線 江戸川橋
76%
南北線 王子
76%
日比谷線/東西線 茅場町
76%
千代田線 北綾瀬
76%
有楽町線/副都心線 小竹向原
76%
千代田線 千駄木
76%
東西線 竹橋
76%
南北線 東大前
76%
東西線 東陽町
76%
日比谷線 中目黒
76%
千代田線 西日暮里
76%
丸ノ内線 東高円寺
76%
銀座線/半蔵門線 三越前
76%
東西線 妙典
76%
南北線 六本木一丁目
76%
東西線 早稲田
76%
東西線 落合
74%
有楽町線 桜田門
74%
日比谷線 築地
74%
日比谷線 虎ノ門ヒルズ
74%
丸ノ内線 中野富士見町
74%
東西線 原木中山
74%
丸ノ内線 南阿佐ヶ谷
74%
東西線 門前仲町
74%
丸ノ内線 四谷三丁目
74%
銀座線 外苑前
71%
有楽町線 銀座一丁目
71%
南北線 白金台
71%
丸ノ内線 新高円寺
71%
有楽町線 豊洲
71%
有楽町線/半蔵門線/南北線 永田町
71%
丸ノ内線 中野新橋
71%
副都心線 西早稲田
71%
日比谷線 東銀座
71%
有楽町線/副都心線 氷川台
71%
日比谷線 広尾
71%
丸ノ内線 本郷三丁目
71%
千代田線 町屋
71%
東西線 南砂町
71%
丸ノ内線 淡路町
68%
日比谷線 入谷
68%
南北線 王子神谷
68%
副都心線 北参道
68%
銀座線 京橋
68%
有楽町線 麴町
68%
南北線 志茂
68%
半蔵門線 神保町
68%
副都心線 雑司が谷
68%
有楽町線 月島
68%
南北線 西ヶ原
68%
千代田線 二重橋前
68%
有楽町線 東池袋
68%
南北線 本駒込
68%
有楽町線 護国寺
66%
丸ノ内線 新大塚
66%
丸ノ内線 新宿御苑前
66%
丸ノ内線 新中野
66%
半蔵門線 水天宮前
66%
日比谷線 人形町
66%
日比谷線 八丁堀
66%
東西線 南行徳
66%
日比谷線 三ノ輪
66%
銀座線 稲荷町
63%
東西線 神楽坂
63%
有楽町線/副都心線 要町
63%
半蔵門線 清澄白河
63%
半蔵門線 住吉
63%
有楽町線/副都心線 千川
63%
有楽町線 辰巳
63%
日比谷線 仲御徒町
63%
日比谷線 神谷町
61%
東西線 木場
61%
東西線 行徳
61%
日比谷線 小伝馬町
61%
有楽町線 新富町
58%
銀座線 末広町
55%
No matching quizzes found
Score Distribution
Percent of People with Each Score
Percentile by Number Answered
Your Score History
You have not taken this quiz